| 000 | 00416 a2200157 4500 | ||
|---|---|---|---|
| 999 |
_c8363 _d8363 |
||
| 020 | _a0869250469 | ||
| 050 | 0 | 0 | _aQL 791 WRI 1976 |
| 100 | 1 |
_aWright, Allan. _eauthor |
|
| 245 | 1 | 0 |
_aGrey ghosts at Buffalo Bend / _cAllan Wright ; |
| 264 |
_aHarare : _bGalaxie Press _c1976 |
||
| 300 |
_a136 p. : _bill. ; |
||
| 500 | _aText | ||
| 650 | 0 | _aAnimals | |
| 650 | 0 |
_aGame wardens _xBiography. |
|
| 942 |
_2lcc _cBK _h791 _iWRI _kQL |
||